Statistics for Largest Cities in New England by Letter

Click here to take the quiz!

General Stats

  • This quiz has been taken 162 times
  • The average score is 11 of 21

Answer Stats

LetterPopulationNew England CityAbbreviation% Correct
B692,600BostonMA
98%
P179,883ProvidenceRI
96%
H122,105HartfordCT
89%
M112,673ManchesterNH
82%
N130,250New HavenCT
81%
W185,428WorcesterMA
80%
C118,927CambridgeMA
79%
Q94,470QuincyMA
79%
S153,606SpringfieldMA
78%
L110,997LowellMA
63%
D84,694DanburyCT
53%
F89,541Fall RiverMA
43%
E47,618East ProvidenceRI
41%
K22,786KeeneNH
30%
T57,464TauntonMA
28%
A45,237AttleboroMA
24%
R53,073RevereMA
23%
G30,430GloucesterMA
22%
O7,431Old TownME
8%
V2,583VergennesVT
7%
J3,360Jewett CityCT
5%

Score Distribution

Percentile by Number Answered

Percent of People with Each Score

Your Score History

You have not taken this quiz